000 00336 a2200145 4500
001 153537
040 _cEscola São Tomás de Aquino
100 _aAGUIAR, Luiz Antonio
240 1 0 _aCorações partidos
_lpor
245 1 0 _aCorações partidos
362 0 _a2004
440 1 _aÁtica
697 _a*LITERATURA JUVENIL
942 _cBK
999 _c153537
_d153537